STRATEGIC HUMAN RESOURCE MANAGEMENT & ITS IMPACT ON ORGANIZATIONAL EFFECTIVENESS (Record no. 531831)
[ view plain ]
| 000 -LEADER | |
|---|---|
| fixed length control field | 00474nam a22001457a 4500 |
| 020 ## - INTERNATIONAL STANDARD BOOK NUMBER | |
| Qualifying information | Hard Cover. |
| 082 ## - DEWEY DECIMAL CLASSIFICATION NUMBER | |
| Classification number | 658.3 |
| 100 ## - MAIN ENTRY--PERSONAL NAME | |
| Personal name | Mahmood, Asima Awan. |
| 245 ## - TITLE STATEMENT | |
| Title | STRATEGIC HUMAN RESOURCE MANAGEMENT & ITS IMPACT ON ORGANIZATIONAL EFFECTIVENESS |
| Statement of responsibility, etc. | Asima Mahmood Awan |
| 300 ## - PHYSICAL DESCRIPTION | |
| Dimensions | 30 CM |
| 650 ## - SUBJECT ADDED ENTRY--TOPICAL TERM | |
| Topical term or geographic name entry element | MBA Thesis Human Resource Management. |
| 700 ## - ADDED ENTRY--PERSONAL NAME | |
| Personal name | Dr. Naukhez Sarwar |
| 942 ## - ADDED ENTRY ELEMENTS (KOHA) | |
| Source of classification or shelving scheme | |
| Koha item type | Thesis |
| 650 ## - SUBJECT ADDED ENTRY--TOPICAL TERM | |
| -- | 24929 |
| 700 ## - ADDED ENTRY--PERSONAL NAME | |
| -- | 17504 |
| Withdrawn status | Lost status | Source of classification or shelving scheme | Damaged status | Not for loan | Permanent Location | Current Location | Shelving location | Date acquired | Full call number | Barcode | Date last seen | Price effective from | Non-public note | Koha item type |
|---|---|---|---|---|---|---|---|---|---|---|---|---|---|---|
| Central Library (CL) | Central Library (CL) | Thesis | 10/29/2019 | 658.3 | CL-T-3862 | 10/29/2019 | 10/29/2019 | Minute Sheet No. 0929/02/CL/Survey/5 dated 23rd April 2024 E-MIN ID 114741 | Thesis |
